[Event "Rybinsk-ch"]
[Site "Rybinsk"]
[Date "2010.03.23"]
[Round "13"]
[White "Voropanov, Oleg"]
[Black "Varjagin, Alexander"]
[Result "1-0"]
[WhiteElo "2124"]
[BlackElo "2263"]
[PlyCount "77"]
[EventDate "2010.03.15"]
[EventType "tourn"]
[EventRounds "13"]
[EventCountry "RUS"]
[SourceTitle "EXT 2012"]
[Source "ChessBase"]
[SourceDate "2011.11.24"]
[SourceVersion "1"]
[SourceVersionDate "2011.11.24"]
[SourceQuality "1"]

1. d4 f5 2. Nf3 Nf6 3. g3 g6 4. Bg2 Bg7 5. 0-0 0-0 6. c4 d6 7. Nc3 Nc6 8. d5 Ne5 9. Nxe5 dxe5 10. c5 Ne8 11. Qb3 Kh8 12. Rd1 a5 13. Bd2 Ra6 14. Na4 b6 15. Be3 f4 16. gxf4 exf4 17. Bd4 Bd7 18. cxb6 Bxd4 19. Rxd4 cxb6 20. Qc4 b5 21. Qd3 Qc8 22. Nc3 Nd6 23. e4 b4 24. Nd1 Bb5 25. Qh3 Bd7 26. Qh4 f3 27. Bf1 Bb5 28. Bh3 Qe8 29. Ne3 Bd7 30. Bf1 Ra8 31. Rc1 Rc8 32. Rxc8 Bxc8 33. Nc4 g5 34. Nxd6 exd6 35. Qh6 Qe7 36. Rc4 Bb7 37. Rc7 Rf6 38. Rxe7 Rxh6 39. Rxb7 1-0

[Event "Rybinsk-ch"]
[Site "Rybinsk"]
[Date "2010.03.17"]
[Round "5"]
[White "Varjagin, Alexander"]
[Black "Petrenko, Valentin"]
[Result "1-0"]
[WhiteElo "2263"]
[BlackElo "2207"]
[PlyCount "135"]
[EventDate "2010.03.15"]
[EventType "tourn"]
[EventRounds "13"]
[EventCountry "RUS"]
[SourceTitle "EXT 2012"]
[Source "ChessBase"]
[SourceDate "2011.11.24"]
[SourceVersion "1"]
[SourceVersionDate "2011.11.24"]
[SourceQuality "1"]

1. d4 Nf6 2. Bg5 Ne4 3. Bf4 d6 4. f3 Nf6 5. e4 g6 6. c3 Nh5 7. Be3 Bg7 8. g4 Nf6 9. h4 h5 10. g5 Nfd7 11. f4 e6 12. e5 d5 13. Nd2 Nb6 14. a4 a5 15. Ne2 Nc6 16. Ng3 Bd7 17. Bd3 Ne7 18. b3 Nf5 19. Nxf5 exf5 20. c4 0-0 21. c5 Nc8 22. Rc1 Ne7 23. Nf1 Nc6 24. Ng3 Nb4 25. Be2 Na2 26. Rc2 Nb4 27. Rd2 Re8 28. Kf2 Be6 29. Bxh5 gxh5 30. Nxh5 Kf8 31. Nf6 Ke7 32. Nxe8 Qxe8 33. h5 Qh8 34. Qe2 c6 35. Rb2 Kd7 36. Bd2 Qd8 37. Bxb4 axb4 38. Rc2 b6 39. h6 Bh8 40. Rhc1 b5 41. axb5 Ra3 42. Ra2 Qa8 43. Rca1 Kc7 44. b6+ Kd8 45. Qb2 Qa6 46. Ke3 Bxe5 47. fxe5 f4+ 48. Kxf4 Qd3 49. Rxa3 Qe4+ 50. Kg3 Qg4+ 51. Kf2 Qf4+ 52. Ke1 bxa3 53. Qf2 Qe4+ 54. Kd2 Bf5 55. Kc3 Qd3+ 56. Kb4 Bg6 57. Kxa3 Qc3 58. Ra2 Bd3 59. h7 Bxh7 60. Qd2 Qg3 61. Kb2 Qg1 62. Ra1 Qg4 63. b7 Kc7 64. b8Q+ Kxb8 65. Qb4+ Kc8 66. Ra8+ Kd7 67. Qb7+ Ke6 68. Qc8+ 1-0

[Event "Rybinsk op"]
[Site "Rybinsk"]
[Date "2009.06.19"]
[Round "8"]
[White "Varjagin, Alexander"]
[Black "Mikhailov, Viacheslav"]
[Result "1-0"]
[WhiteElo "2249"]
[BlackElo "2131"]
[PlyCount "135"]
[EventDate "2009.06.14"]
[EventType "swiss"]
[EventRounds "9"]
[EventCountry "RUS"]
[SourceTitle "CBM 131 Extra"]
[Source "ChessBase"]
[SourceDate "2009.09.03"]
[SourceVersion "2"]
[SourceVersionDate "2009.09.16"]
[SourceQuality "1"]

1. d4 Nf6 2. Bg5 d5 3. Bxf6 exf6 4. e3 Bd6 5. Bd3 c6 6. c3 0-0 7. Nd2 f5 8. Qf3 Qf6 9. Ne2 Re8 10. 0-0-0 b5 11. h3 b4 12. c4 dxc4 13. Nxc4 Bc7 14. g4 fxg4 15. Qxf6 gxf6 16. hxg4 Kf8 17. Bf5 Nd7 18. Rxh7 Ke7 19. Bg6 Rf8 20. Be4 Nb6 21. Na5 Bxg4 22. Nxc6+ Kd6 23. f3 Rae8 24. Ng3 Kd7 25. Ne5+ fxe5 26. fxg4 exd4 27. Rxd4+ Kc8 28. Nf5 a5 29. Rh6 Kb8 30. b3 Re6 31. Rxe6 fxe6 32. Ne7 Rf1+ 33. Rd1 Rxd1+ 34. Kxd1 Bd8 35. Nc6+ Kc7 36. Nxd8 Kxd8 37. Ke2 a4 38. Kf3 a3 39. Kf4 Nd7 40. Kg5 Ke7 41. Kh6 Ne5 42. g5 Ng4+ 43. Kh7 Nxe3 44. g6 Ng4 45. g7 Nf6+ 46. Kg6 Ng8 47. Bc6 Kd6 48. Bg2 Ke5 49. Bh3 Kd6 50. Kf7 Nh6+ 51. Ke8 e5 52. Bg2 Ke6 53. Bh1 Kf5 54. Kd7 e4 55. Kc6 e3 56. Bf3 Kf6 57. Kc5 Kxg7 58. Kxb4 Kf6 59. Kxa3 Ke5 60. Kb4 Nf5 61. a4 Nd4 62. Bd1 Kd5 63. a5 Kc6 64. Kc4 Nxb3 65. Bf3+ Kc7 66. Kxb3 Kb8 67. Kc3 Ka7 68. Be2 1-0

[Event "Rybinsk op"]
[Site "Rybinsk"]
[Date "2009.06.16"]
[Round "4"]
[White "Varjagin, Alexander"]
[Black "Vakhlamov, Igor L"]
[Result "1/2-1/2"]
[WhiteElo "2249"]
[BlackElo "2198"]
[PlyCount "102"]
[EventDate "2009.06.14"]
[EventType "swiss"]
[EventRounds "9"]
[EventCountry "RUS"]
[SourceTitle "CBM 131 Extra"]
[Source "ChessBase"]
[SourceDate "2009.09.03"]
[SourceVersion "2"]
[SourceVersionDate "2009.09.16"]
[SourceQuality "1"]

1. f4 Nf6 2. Nf3 d5 3. g3 g6 4. Bg2 Bg7 5. 0-0 0-0 6. d3 c5 7. Nc3 d4 8. Ne4 Nxe4 9. dxe4 Nc6 10. e5 Be6 11. e4 dxe3 12. Bxe3 Qa5 13. Qe1 Qc7 14. Qf2 b6 15. Ng5 Bc4 16. Rfd1 h6 17. b3 Ba6 18. Ne4 Rad8 19. Nc3 Rxd1+ 20. Rxd1 Rd8 21. Rxd8+ Nxd8 22. Qd2 e6 23. Ne4 Bb7 24. h4 h5 25. c4 Bc6 26. a4 Nb7 27. Qd3 Kh8 28. Bd2 Bf8 29. Bc3 Bg7 30. Kf2 Kg8 31. Bf3 Nd8 32. Ke3 Bb7 33. Qd1 Qe7 34. Nf6+ Kf8 35. Bxb7 Nxb7 36. Nd7+ Ke8 37. Nb8 Qc7 38. Na6 Qc8 39. b4 cxb4 40. Bxb4 Qxc4 41. Qd3 Qxd3+ 42. Kxd3 Kd7 43. Kc4 f6 44. Nb8+ Kc8 45. Na6 Kd8 46. exf6 Bxf6 47. Kb5 Bd4 48. Be1 e5 49. fxe5 Bxe5 50. Kc6 Bf6 51. Bf2 Be7 1/2-1/2

[Event "Rybinsk-ch"]
[Site "Rybinsk"]
[Date "2009.03.29"]
[Round "13"]
[White "Pischurina, Ekaterina"]
[Black "Varjagin, Alexander"]
[Result "0-1"]
[WhiteElo "1991"]
[BlackElo "2249"]
[PlyCount "110"]
[EventDate "2009.03.15"]
[EventType "tourn"]
[EventRounds "13"]
[EventCountry "RUS"]
[SourceTitle "EXT 2022"]
[Source "ChessBase"]
[SourceDate "2021.10.06"]
[SourceVersion "1"]
[SourceVersionDate "2021.10.06"]
[SourceQuality "1"]

1. e4 g6 2. d4 Bg7 3. Nc3 c6 4. Nf3 d5 5. exd5 cxd5 6. Bb5+ Bd7 7. 0-0 Bxb5 8. Nxb5 a6 9. Nc3 Nc6 10. Bf4 e6 11. Re1 Nge7 12. Ne5 0-0 13. Ne2 Nxe5 14. Bxe5 Bxe5 15. dxe5 Nc6 16. Nd4 Nxd4 17. Qxd4 Rc8 18. c3 Rc4 19. Qd2 Qh4 20. Re3 Qg5 21. Rd1 Rfc8 22. Qe2 Rg4 23. g3 Rgc4 24. Rd4 Qf5 25. Qd3 Qxd3 26. Rexd3 g5 27. Kf1 Kg7 28. Ke2 Kg6 29. g4 h5 30. h3 b5 31. Kd2 hxg4 32. hxg4 Rh8 33. b3 Rc5 34. Re3 Rh1 35. Kc2 Rf1 36. f3 Rc8 37. Rd1 Rxd1 38. Kxd1 Rh8 39. Kd2 f6 40. Kd3 Rh2 41. exf6 Kxf6 42. Re2 Rh3 43. Rf2 Ke5 44. Ke3 a5 45. Rc2 Rh7 46. c4 dxc4 47. bxc4 Rc7 48. Kd3 Rxc4 49. Rxc4 bxc4+ 50. Kxc4 Kf4 51. Kb5 e5 52. Kxa5 Kxf3 53. Kb5 e4 54. a4 e3 55. a5 e2 0-1

[Event "Rybinsk op"]
[Site "Rybinsk"]
[Date "2007.06.26"]
[Round "3"]
[White "Varjagin, Alexander"]
[Black "Nikolaev, Evgeny1111"]
[Result "1-0"]
[WhiteElo "2230"]
[BlackElo "2064"]
[PlyCount "107"]
[EventDate "2007.06.25"]
[EventType "swiss"]
[EventRounds "9"]
[EventCountry "RUS"]
[SourceTitle "EXT 2022"]
[Source "ChessBase"]
[SourceDate "2021.10.06"]
[SourceVersion "1"]
[SourceVersionDate "2021.10.06"]
[SourceQuality "1"]

1. d4 Nf6 2. Bg5 Ne4 3. Bh4 d5 4. Nd2 Nxd2 5. Qxd2 g6 6. e3 Bg7 7. Nf3 0-0 8. c3 Nd7 9. Bd3 Qe8 10. Bg3 e5 11. dxe5 Nxe5 12. Nxe5 Bxe5 13. 0-0 Bxg3 14. hxg3 Be6 15. b4 Qe7 16. Be2 Rfc8 17. Bf3 c6 18. a3 Qf6 19. Qd4 Qxd4 20. cxd4 a6 21. Rfc1 Bf5 22. Be2 h5 23. Kf1 Kf8 24. Ke1 Ke7 25. Kd2 Kd6 26. Ra2 Ra7 27. a4 Raa8 28. a5 Re8 29. Raa1 Re7 30. Rh1 Rae8 31. Rh4 Re4 32. Rah1 Rxh4 33. gxh4 Bd7 34. Bd3 Re7 35. f3 Re8 36. e4 dxe4 37. fxe4 Be6 38. Rf1 Ke7 39. Rc1 Rd8 40. Ke3 Rd7 41. Rc5 Kd6 42. g3 Ke7 43. Be2 Kd6 44. Bf3 Ke7 45. d5 cxd5 46. exd5 Bf5 47. Kd4 Kd8 48. b5 axb5 49. Rxb5 Kc8 50. Rb6 Rc7 51. d6 Rd7 52. Ke5 Bd3 53. Bd5 Ba6 54. Kf6 1-0